000 00854nam a22001577a 4500
003 OSt
005 20150920101719.0
008 150920b xxu||||| |||| 00| 0 eng d
040 _cRUA
082 _aAGR LY 2008 B038 Or.1
100 _9916
_aLY, TOUCH.
245 _aStudy on the effeciency of tonle sap lake sediment on the yield improvement of phka rumduol rice at royal university of agriculture during rainy season 2007 ការសិក្សាប្រសិទ្ធភាពរបស់ភក់បឹងទន្លេសាបលើការបង្កើនទិន្នផលស្រូវផ្ការំដួលនៅរដូវវស្សាក្នុងសាកលវិទ្យាល័យភូមិន្ទកសិកម្ម
260 _aPhnom Penh
_bRUA
_c2008
300 _axii; 52p.
_bill.
_c29cm.
942 _2ddc
_cAGR
999 _c883
_d883